000 00545cam a22001931 4500
001 he 68001441
003 DLC
005 20260227111458.0
008 831110s1968 is a 000 1 heb
010 _ahe 68001441
035 _a(OCoLC)19139019
040 _aDLC
_cMH
_dCU
_dDLC
050 0 0 _aPJ5053.C48
_bB4
100 1 _aChurgin, Yaʻakov Yehoshua,
_d1898-1990.
245 1 0 _aBeshe-kevar ha-yamim :
_bsipurim hisṭoriyim.
260 _a[Tel Aviv] :
_bʻAmiḥai,
_c[1968]
300 _a137 p. :
_bill. ;
_c22 cm.
752 _aIsrael
_dTel Aviv
999 _c33306
_d33306